The innocent man : (Record no. 3778)

MARC details
000 -LEADER
fixed length control field 00723cam a2200229 4500
001 - CONTROL NUMBER
control field 4558
005 - DATE AND TIME OF LATEST TRANSACTION
control field 20181127173645.0
008 - FIXED-LENGTH DATA ELEMENTS--GENERAL INFORMATION
fixed length control field 060627s2006 nyuaf 000 0deng
010 ## - LIBRARY OF CONGRESS CONTROL NUMBER
LC control number 2006048468
020 ## - INTERNATIONAL STANDARD BOOK NUMBER
International Standard Book Number 0385517238
International Standard Book Number 9780385517232
043 ## - GEOGRAPHIC AREA CODE
Geographic area code n-us-ok
100 1# - MAIN ENTRY--PERSONAL NAME
Personal name Grisham, John.
245 14 - TITLE STATEMENT
Title The innocent man :
Remainder of title murder and injustice in a small town /
Statement of responsibility, etc. John Grisham.
260 ## - PUBLICATION, DISTRIBUTION, ETC.
Place of publication, distribution, etc. New York :
Name of publisher, distributor, etc. Dell Books,
Date of publication, distribution, etc. c2006.
300 ## - PHYSICAL DESCRIPTION
Extent 434 p. ;
Other physical details ill. ;
Dimensions 18 cm.
600 10 - SUBJECT ADDED ENTRY--PERSONAL NAME
Personal name Williamson, Ronald Keith,
Dates associated with a name 1953-2004
Form subdivision Trials, litigation, etc.
650 #0 - SUBJECT ADDED ENTRY--TOPICAL TERM
Topical term or geographic name entry element Capital punishment
Geographic subdivision Oklahoma.
Topical term or geographic name entry element Judicial error
Geographic subdivision Oklahoma.
Topical term or geographic name entry element Trials (Murder)
Geographic subdivision Oklahoma.
Holdings
Withdrawn status Lost status Source of classification or shelving scheme Damaged status Not for loan Collection code Home library Current library Shelving location Date acquired Serial Enumeration / chronology Inventory number Total Checkouts Full call number Barcode Date last seen Date last checked out Price effective from Koha item type
    Dewey Decimal Classification     Fiction RTC Library RTC Library Fiction 12/03/2021 7273 3 FIC 813.54 GRI 30007389 03/01/2022 12/03/2021 27/11/2018 Fiction
Royal Thimphu College || All Right Reserved